000 00198 a2200097 4500
020 _a002710950X
041 _aspa
100 _aBlume, Judy
245 _aEstas Ahi Dios_ Soy Yo, Margaret
942 _cBK
999 _c28574
_d28574